00533nam a22001697a 4500020001800000082001800018100001600036245003600052260006500088300001000153650002600163650002500189650001500214942000700229999001900236952010800255 a9788119911042 aM300 7bSUR/N aSuerndran K aNovelswaroopam/cby Suerndran K aKottayam:bSahithya Pravarthaka Co-operative Society,c2024. a174p. aNovel Malayalam Study aLiterature Malayalam aLiterature cBK c182058d182058 00104070aSSUSbSSUScSTACKSd2026-06-04g240.00l0oM300 7 SUR/Np109141r2026-06-04w2026-06-04yBK